La noche que nos regalaron el fuego = feichi pünh ta ñi elugemum kütxal /

Guardado en:
Autor Principal: Muñoz Hurtado, Carmen
Otros Autores: Oviedo S., Aejandra; il., Chihuailaf, Elicura; trad.
Formato: Libro
Publicado: Buenos Aires : Pehuén, 2015
Materias:
Etiquetas: Agregar Etiqueta
Sin Etiquetas, Sea el primero en etiquetar este registro!
LEADER 00998nam a22002775a 4500
001 CEM.cems015301
005 20191108155652.0
008 130507s2015##################000#0#####d
003 CEMS
020 |a 9789874576262 
082 0 4 |a Ch868.4 
100 1 |a Muñoz Hurtado, Carmen 
245 1 0 |a La noche que nos regalaron el fuego = feichi pünh ta ñi elugemum kütxal /  |c Carmen Muñoz Hurtado ; ilustrado Por Alejandra Oviedo S. ; traducido Por Elicura Chihuailaf 
260 |a Buenos Aires :  |b Pehuén,  |c 2015 
300 |a 28 p. 
500 |a Cuento Mapucheedición bilingüe español-mapudungun 
653 |a Literatura 
653 |a Literatura chilena 
653 |a Literatura mapuche 
653 |a Literatura infantil 
653 |a Cuentos infantiles 
653 |a Colección ciencias de la educación 
653 |a Pueblos originarios 
700 1 |a Oviedo S., Aejandra; il. 
700 1 |a Chihuailaf, Elicura; trad. 
859 |a CEMS  |b BIB. CEMS - Ccias. Educacion  |h Ch868.4  |i M93-1  |k CE  |p 28535.19  |t Ej.1